000 00480nam a2200169Ia 4500
008 231221s9999 xx 000 0 und d
041 _aEnglish
082 _a621.3981 AYA;
100 _aAyala, Kenneth J
245 4 _aThe 8051 microcontroller : architecture, programming and applications
250 _a2nd ed.
260 _c1997
_bThomson
_aAustralia
300 _axv+367
300 _c37032
650 _a8051,microcontroller,:,architecture,,programming
942 _cFP
999 _c207500
_d207500